000 00544nam a2200229Ia 4500
003 0100
008 130303s9999 xx 000 0 und d
020 _a0465026117
040 _cARRUPELIB
050 _aBF432.G378 1999
100 _aGardner, Howard
245 _aIntelligence reframed
245 _bmultiple intelligences for the 21st century
260 _aNew York
260 _bBasic Books
260 _C1999
300 _ax
300 _b 292p. 21cm.
650 _bHuman rights
650 _cCivil Rights
942 _2lcc
_01
999 _c66444
_d66444